<?xml version="1.0" encoding="UTF-8"?>
<record
    xmlns:xsi="http://www.w3.org/2001/XMLSchema-instance"
    xsi:schemaLocation="http://www.loc.gov/MARC21/slim http://www.loc.gov/standards/marcxml/schema/MARC21slim.xsd"
    xmlns="http://www.loc.gov/MARC21/slim">

  <leader>03276njm a2200541Ia 4500</leader>
  <controlfield tag="001">26715</controlfield>
  <controlfield tag="003">IT-RoPAU</controlfield>
  <controlfield tag="005">20220918181110.0</controlfield>
  <controlfield tag="008">131025s9999    xx            000 0 und d</controlfield>
  <datafield tag="040" ind1=" " ind2=" ">
    <subfield code="a">IT-RoPAU</subfield>
  </datafield>
  <datafield tag="040" ind1=" " ind2=" ">
    <subfield code="c">IT-RoPAU</subfield>
  </datafield>
  <datafield tag="041" ind1=" " ind2=" ">
    <subfield code="a">INGLESE</subfield>
  </datafield>
  <datafield tag="999" ind1=" " ind2=" ">
    <subfield code="c">98888</subfield>
    <subfield code="d">98888</subfield>
  </datafield>
  <datafield tag="999" ind1=" " ind2=" ">
    <subfield code="b">n.d.</subfield>
  </datafield>
  <datafield tag="100" ind1=" " ind2=" ">
    <subfield code="a">Presley Elvis</subfield>
    <subfield code="9">16488</subfield>
  </datafield>
  <datafield tag="100" ind1=" " ind2=" ">
    <subfield code="e">Autore musica</subfield>
    <subfield code="9">16489</subfield>
  </datafield>
  <datafield tag="100" ind1=" " ind2=" ">
    <subfield code="g">Codice autore musica SPICS: 11085</subfield>
    <subfield code="9">16490</subfield>
  </datafield>
  <datafield tag="245" ind1=" " ind2=" ">
    <subfield code="a">Elvis Presley-The Collection vol.4</subfield>
  </datafield>
  <datafield tag="250" ind1=" " ind2=" ">
    <subfield code="a">1a ed.</subfield>
  </datafield>
  <datafield tag="260" ind1=" " ind2=" ">
    <subfield code="a">NEW YORK</subfield>
  </datafield>
  <datafield tag="260" ind1=" " ind2=" ">
    <subfield code="b">RCA RECORDS</subfield>
    <subfield code="c">1984 [1a Ed.:1984]</subfield>
  </datafield>
  <datafield tag="300" ind1=" " ind2=" ">
    <subfield code="a">COMPACT DISC</subfield>
  </datafield>
  <datafield tag="300" ind1=" " ind2=" ">
    <subfield code="c">48 minuti (Testo:  pag.)</subfield>
  </datafield>
  <datafield tag="500" ind1=" " ind2=" ">
    <subfield code="a">Musica rock</subfield>
  </datafield>
  <datafield tag="505" ind1=" " ind2=" ">
    <subfield code="a">Guitar Man (3:00) - Us Male (3:00) - If I Can Dream (4:00) - If I Can Dream (3:00) - Suspicious Minds (5:00) - Don't Cry Daddy (3:00) - The Wonder of You (3:00) - You Don't Have To Say You Love Me (3:00) - There Goes My Everything (4:00) - Rags To Riches (2:00) - I Just Can't Help Believing (5:00) - An American Trilogy (5:00) - Burning Love (3:00) - Always On My Mind (4:00) - It's Only Love (3:00)</subfield>
  </datafield>
  <datafield tag="650" ind1=" " ind2=" ">
    <subfield code="a">ROCK [COMPACT DISC]</subfield>
    <subfield code="e">Codice MATERIA SPICS: 9949</subfield>
    <subfield code="9">16491</subfield>
  </datafield>
  <datafield tag="700" ind1=" " ind2=" ">
    <subfield code="a">AA.VV.</subfield>
    <subfield code="e">Autore</subfield>
    <subfield code="g">Codice autore SPICS: 12000</subfield>
    <subfield code="9">799</subfield>
  </datafield>
  <datafield tag="700" ind1=" " ind2=" ">
    <subfield code="a">Presley Elvis</subfield>
    <subfield code="g">Codice interprete SPICS: 11085</subfield>
    <subfield code="e">Interprete</subfield>
    <subfield code="9">16492</subfield>
  </datafield>
  <datafield tag="700" ind1=" " ind2=" ">
    <subfield code="a">Hubbard Freddie</subfield>
    <subfield code="g">Codice autore musica SPICS: 13028</subfield>
    <subfield code="e">Autore musica</subfield>
    <subfield code="p">Guitar Man - Us Male</subfield>
    <subfield code="9">16493</subfield>
  </datafield>
  <datafield tag="700" ind1=" " ind2=" ">
    <subfield code="a">Brown W. Earl</subfield>
    <subfield code="g">Codice autore musica SPICS: 32997</subfield>
    <subfield code="e">Autore musica</subfield>
    <subfield code="p">If I Can Dream</subfield>
    <subfield code="9">16494</subfield>
  </datafield>
  <datafield tag="700" ind1=" " ind2=" ">
    <subfield code="a">Davis</subfield>
    <subfield code="g">Codice autore musica SPICS: 20478</subfield>
    <subfield code="e">Autore musica</subfield>
    <subfield code="p">In the Ghetto - Don't Cry Daddy</subfield>
    <subfield code="9">16495</subfield>
  </datafield>
  <datafield tag="700" ind1=" " ind2=" ">
    <subfield code="a">Knight</subfield>
    <subfield code="g">Codice autore musica SPICS: 32998</subfield>
    <subfield code="e">Autore musica</subfield>
    <subfield code="p">The Wonder of You</subfield>
    <subfield code="9">16496</subfield>
  </datafield>
  <datafield tag="700" ind1=" " ind2=" ">
    <subfield code="a">Wickham Glynne</subfield>
    <subfield code="g">Codice autore musica SPICS: 30468</subfield>
    <subfield code="e">Autore musica</subfield>
    <subfield code="p">You Don't Have To Say You Love Me</subfield>
    <subfield code="9">16497</subfield>
  </datafield>
  <datafield tag="700" ind1=" " ind2=" ">
    <subfield code="a">Donnaggio</subfield>
    <subfield code="g">Codice autore SPICS: 32999</subfield>
    <subfield code="e">Autore</subfield>
    <subfield code="p">You Don't Have To Say You Love Me</subfield>
    <subfield code="9">16498</subfield>
  </datafield>
  <datafield tag="700" ind1=" " ind2=" ">
    <subfield code="a">Pallavicini Vito</subfield>
    <subfield code="g">Codice autore testo/musica SPICS: 13656</subfield>
    <subfield code="e">Autore testo/musica</subfield>
    <subfield code="p">You Don't Have To Say You Love Me</subfield>
    <subfield code="9">16499</subfield>
  </datafield>
  <datafield tag="700" ind1=" " ind2=" ">
    <subfield code="a">Frazier A.</subfield>
    <subfield code="g">Codice autore musica SPICS: 23029</subfield>
    <subfield code="e">Autore musica</subfield>
    <subfield code="p">There Goes My Everything</subfield>
    <subfield code="9">16500</subfield>
  </datafield>
  <datafield tag="700" ind1=" " ind2=" ">
    <subfield code="a">Adler Israel</subfield>
    <subfield code="g">Codice autore musica SPICS: 16574</subfield>
    <subfield code="e">Autore musica</subfield>
    <subfield code="p">Rags To Riches</subfield>
    <subfield code="9">16501</subfield>
  </datafield>
  <datafield tag="700" ind1=" " ind2=" ">
    <subfield code="a">Ross J.</subfield>
    <subfield code="g">Codice autore SPICS: 14395</subfield>
    <subfield code="e">Autore</subfield>
    <subfield code="p">Rags To Riches</subfield>
    <subfield code="9">16502</subfield>
  </datafield>
  <datafield tag="700" ind1=" " ind2=" ">
    <subfield code="a">Mann</subfield>
    <subfield code="g">Codice autore musica SPICS: 22948</subfield>
    <subfield code="e">Autore musica</subfield>
    <subfield code="p">I Just Can't Help Believing</subfield>
    <subfield code="9">16503</subfield>
  </datafield>
  <datafield tag="700" ind1=" " ind2=" ">
    <subfield code="a">Weil</subfield>
    <subfield code="g">Codice autore SPICS: 22949</subfield>
    <subfield code="e">Autore</subfield>
    <subfield code="p">I Just Can't Help Believing</subfield>
    <subfield code="9">16504</subfield>
  </datafield>
  <datafield tag="700" ind1=" " ind2=" ">
    <subfield code="a">Anonimo</subfield>
    <subfield code="g">Codice autore musica SPICS: 2620</subfield>
    <subfield code="e">Autore musica</subfield>
    <subfield code="p">An American Trilogy</subfield>
    <subfield code="9">16505</subfield>
  </datafield>
  <datafield tag="700" ind1=" " ind2=" ">
    <subfield code="a">Newbury</subfield>
    <subfield code="g">Codice autore SPICS: 14393</subfield>
    <subfield code="e">Autore</subfield>
    <subfield code="p">An American Trilogy</subfield>
    <subfield code="9">16506</subfield>
  </datafield>
  <datafield tag="700" ind1=" " ind2=" ">
    <subfield code="a">Linde</subfield>
    <subfield code="g">Codice autore musica SPICS: 33000</subfield>
    <subfield code="e">Autore musica</subfield>
    <subfield code="p">Burning Love</subfield>
    <subfield code="9">16507</subfield>
  </datafield>
  <datafield tag="700" ind1=" " ind2=" ">
    <subfield code="a">Thompson</subfield>
    <subfield code="g">Codice autore musica SPICS: 23714</subfield>
    <subfield code="e">Autore musica</subfield>
    <subfield code="p">Always On My Mind</subfield>
    <subfield code="9">16508</subfield>
  </datafield>
  <datafield tag="700" ind1=" " ind2=" ">
    <subfield code="a">James Harry</subfield>
    <subfield code="g">Codice autore SPICS: 16256</subfield>
    <subfield code="e">Autore</subfield>
    <subfield code="p">Always On My Mind</subfield>
    <subfield code="9">16509</subfield>
  </datafield>
  <datafield tag="700" ind1=" " ind2=" ">
    <subfield code="a">Christopher</subfield>
    <subfield code="g">Codice autore testo/musica SPICS: 33001</subfield>
    <subfield code="e">Autore testo/musica</subfield>
    <subfield code="p">Always On My Mind - It's Only Love</subfield>
    <subfield code="9">16510</subfield>
  </datafield>
  <datafield tag="700" ind1=" " ind2=" ">
    <subfield code="a">Tirell</subfield>
    <subfield code="g">Codice autore SPICS: 33002</subfield>
    <subfield code="e">Autore</subfield>
    <subfield code="p">It's Only Love</subfield>
    <subfield code="9">16511</subfield>
  </datafield>
  <datafield tag="942" ind1=" " ind2=" ">
    <subfield code="c">CD</subfield>
    <subfield code="2">ddc</subfield>
  </datafield>
  <datafield tag="952" ind1=" " ind2=" ">
    <subfield code="0">0</subfield>
    <subfield code="1">0</subfield>
    <subfield code="4">0</subfield>
    <subfield code="6">26715_000000000000000</subfield>
    <subfield code="7">1</subfield>
    <subfield code="a">SPICS</subfield>
    <subfield code="b">SPICS</subfield>
    <subfield code="d">2013-10-25</subfield>
    <subfield code="l">0</subfield>
    <subfield code="o">26715</subfield>
    <subfield code="r">2013-10-25 00:00:00</subfield>
    <subfield code="w">2013-10-25</subfield>
    <subfield code="y">CD</subfield>
    <subfield code="z">Progr. Ins.: 6273 / N.Vol.: 1 / Copie: 1 - Copia rara: n.d. / date import: 01.01.2014 - By Epidotti, Trombetti, Vaglietti</subfield>
  </datafield>
</record>
